[Event "Stay Safe Play From Home 277"]
[Site "Emanuel Lasker Arena"]
[Date "2020.07.05"]
[Round "1"]
[White "Justwatch"]
[Black "Rogan"]
[Result "0-1"]
[WhiteElo "1696"]
[BlackElo "2169"]
[PlyCount "55"]
[EventDate "2020.07.05"]
[EventType "swiss (blitz)"]

1. e4 {[%emt 0:00:01]} d5 {[%emt 0:00:03]} 2. e5 {[%emt 0:00:00]} c5 {[%emt 0:00:01]} 3. Nf3 {[%emt 0:00:00]} Nc6 {[%emt 0:00:01]} 4. Bb5 {[%emt 0:00:01]} Bg4 {[%emt 0:00:01]} 5. Bxc6+ {[%emt 0:00:00]} bxc6 {[%emt 0:00:01]} 6. O-O {[%emt 0:00:00]} e6 {[%emt 0:00:00]} 7. h3 {[%emt 0:00:16]} Bh5 {[%emt 0:00:01]} 8. d3 {[%emt 0:00:01]} Ne7 {[%emt 0:00:01]} 9. Bg5 {[%emt 0:00:03]} Qb6 {[%emt 0:00:01]} 10. Qc1 {[%emt 0:00:02]} h6 {[%emt 0:00:01]} 11. Bxe7 {[%emt 0:00:02]} Bxe7 {[%emt 0:00:00]} 12. Nfd2 {[%emt 0:00:00]} Bg5 {[%emt 0:00:01]} 13. b3 {[%emt 0:00:03]} Qb4 {[%emt 0:00:02]} 14. Qe1 {[%emt 0:00:02]} Qd4 {[%emt 0:00:03]} 15. c3 {[%emt 0:00:01]} Qxd3 {[%emt 0:00:01]} 16. b4 {[%emt 0:00:03]} Be2 {[%emt 0:00:03]} 17. Nb3 {[%emt 0:00:04]} Bxf1 {[%emt 0:00:01]} 18. Qxf1 {[%emt 0:00:00]} cxb4 {[%emt 0:00:03]} 19. cxb4 {[%emt 0:00:01]} Qxf1+ {[%emt 0:00:01]} 20. Kxf1 {[%emt 0:00:01]} O-O {[%emt 0:00:01]} 21. N1d2 {[%emt 0:00:01]} Bxd2 {[%emt 0:00:01]} 22. Nxd2 {[%emt 0:00:01]} a5 {[%emt 0:00:00]} 23. a3 {[%emt 0:00:01]} Ra6 {[%emt 0:00:00]} 24. Nb3 {[%emt 0:00:01]} axb4 {[%emt 0:00:01]} 25. axb4 {[%emt 0:00:00]} Rxa1+ {[%emt 0:00:01]} 26. Nxa1 {[%emt 0:00:00]} Rb8 {[%emt 0:00:00]} 27. Nb3 {[%emt 0:00:00]} Rxb4 {[%emt 0:00:00]} 28. Nc5 {[%emt 0:00:00] Justwatch terk eder (Lag: Av=0.33s, max=0.7s)} 0-1

[Event "Stay Safe Play From Home 277"]
[Site "Emanuel Lasker Arena"]
[Date "2020.07.05"]
[Round "2"]
[White "BrainThinker22"]
[Black "SoulofWolf"]
[Result "1-0"]
[WhiteElo "2381"]
[BlackElo "2199"]
[Annotator "NA"]
[PlyCount "141"]
[EventDate "2020.07.05"]
[EventType "swiss (blitz)"]

1. e4 {[%emt 0:00:01]} e6 {[%emt 0:00:00]} 2. Nc3 {[%emt 0:00:01]} d5 {[%emt 0:00:00]} 3. d3 {[%emt 0:00:00]} d4 {[%emt 0:00:00]} 4. Nce2 {[%emt 0:00:01]} c5 {[%emt 0:00:00]} 5. f4 {[%emt 0:00:00]} Nc6 {[%emt 0:00:00]} 6. g3 {[%emt 0:00:00]} Nge7 {[%emt 0:00:00]} 7. Bg2 {[%emt 0:00:00]} Qc7 {[%emt 0:00:00]} 8. Nf3 {[%emt 0:00:00]} g6 {[%emt 0:00:00]} 9. O-O {[%emt 0:00:00]} Bg7 {[%emt 0:00:00]} 10. h3 {[%emt 0:00:00]} O-O {[%emt 0:00:00]} 11. g4 {[%emt 0:00:00]} f5 {[%emt 0:00:00]} 12. exf5 {[%emt 0:00:01]} exf5 {[%emt 0:00:00]} 13. g5 {[%emt 0:00:00]} Be6 {[%emt 0:00:01]} 14. Ng3 {[%emt 0:00:01]} Bd5 {[%emt 0:00:01]} 15. Re1 {[%emt 0:00:01]} Rae8 {[%emt 0:00:01]} 16. Bd2 {[%emt 0:00:01]} Nc8 {[%emt 0:00:00]} 17. Nh4 {[%emt 0:00:03]} Nd6 {[%emt 0:00:01]} 18. Bxd5+ {[%emt 0:00:01]} Kh8 {[%emt 0:00:00]} 19. Qf3 {[%emt 0:00:01]} Ne7 {[%emt 0:00:02]} 20. Bb3 {[%emt 0:00:02]} a5 {[%emt 0:00:01]} 21. a4 {[%emt 0:00:01]} b6 {[%emt 0:00:01]} 22. Re2 {[%emt 0:00:01]} Nc6 {[%emt 0:00:02]} 23. Rae1 {[%emt 0:00:01]} Re7 {[%emt 0:00:01]} 24. Rxe7 {[%emt 0:00:01]} Nxe7 {[%emt 0:00:00]} 25. Re6 {[%emt 0:00:01]} Nec8 {[%emt 0:00:03]} 26. Qe2 {[%emt 0:00:01]} Nf7 {[%emt 0:00:02]} 27. Kh2 {[%emt 0:00:08]} Qd7 {[%emt 0:00:02]} 28. Bc4 {[%emt 0:00:02]} Nd8 {[%emt 0:00:01]} 29. b3 {[%emt 0:00:05]} Nxe6 {[%emt 0:00:02]} 30. Bxe6 {[%emt 0:00:00]} Qd8 {[%emt 0:00:02]} 31. Bc4 {[%emt 0:00:06]} Re8 {[%emt 0:00:01]} 32. Qg2 {[%emt 0:00:01]} Qe7 {[%emt 0:00:02]} 33. Ngxf5 {[%emt 0:00:01]} gxf5 {[%emt 0:00:03]} 34. Nxf5 {[%emt 0:00:00]} Qe2 {[%emt 0:00:02]} 35. Ng3 {[%emt 0:00:01]} Qxg2+ {[%emt 0:00:01]} 36. Kxg2 {[%emt 0:00:00]} Nd6 {[%emt 0:00:02]} 37. Bd5 {[%emt 0:00:01]} h6 {[%emt 0:00:01]} 38. h4 {[%emt 0:00:01]} Kh7 {[%emt 0:00:01]} 39. Be4+ {[%emt 0:00:01]} Kh8 {[%emt 0:00:00]} 40. Bg6 {[%emt 0:00:01]} Re7 {[%emt 0:00:01]} 41. f5 {[%emt 0:00:01]} Be5 {[%emt 0:00:01]} 42. f6 {[%emt 0:00:01]} Re6 {[%emt 0:00:01]} 43. Be4 {[%emt 0:00:02]} Kg8 {[%emt 0:00:01]} 44. Bd5 {[%emt 0:00:01]} Kf7 {[%emt 0:00:00]} 45. Bxe6+ {[%emt 0:00:00]} Kxe6 {[%emt 0:00:00]} 46. Ne4 {[%emt 0:00:00]} Nf7 {[%emt 0:00:02]} 47. g6 {[%emt 0:00:01]} Nd8 {[%emt 0:00:01]} 48. g7 {[%emt 0:00:00]} Kf7 {[%emt 0:00:01]} 49. h5 {[%emt 0:00:00]} Ne6 {[%emt 0:00:02]} 50. Bxh6 {[%emt 0:00:02]} Bb8 {[%emt 0:00:01]} 51. Ng5+ {[%emt 0:00:00]} Nxg5 {[%emt 0:00:01]} 52. Bxg5 {[%emt 0:00:00]} Kg8 {[%emt 0:00:00]} 53. h6 {[%emt 0:00:00]} Kh7 {[%emt 0:00:01]} 54. Bd2 {[%emt 0:00:00]} Be5 {[%emt 0:00:01]} 55. Kf3 {[%emt 0:00:00]} Bxf6 {[%emt 0:00:00]} 56. Bf4 {[%emt 0:00:00]} Be7 {[%emt 0:00:01]} 57. Ke4 {[%emt 0:00:00]} b5 {[%emt 0:00:00]} 58. Kf5 {[%emt 0:00:00]} bxa4 {[%emt 0:00:00]} 59. bxa4 {[%emt 0:00:00]} c4 {[%emt 0:00:01]} 60. dxc4 {[%emt 0:00:00]} Bc5 {[%emt 0:00:01]} 61. Bg5 {[%emt 0:00:00]} Bb6 {[%emt 0:00:01]} 62. Bf4 {[%emt 0:00:00]} Kg8 {[%emt 0:00:00]} 63. Bd2 {[%emt 0:00:00]} Bc5 {[%emt 0:00:00]} 64. Bxa5 {[%emt 0:00:00]} Bb6 {[%emt 0:00:00]} 65. Bd2 {[%emt 0:00:00]} Ba5 {[%emt 0:00:00]} 66. Bc3 {[%emt 0:00:00]} Bb6 {[%emt 0:00:00]} 67. Bxd4 {[%emt 0:00:00]} Bxd4 {[%emt 0:00:00]} 68. c5 {[%emt 0:00:00]} Bxc5 {[%emt 0:00:00]} 69. c3 {[%emt 0:00:00]} Bb4 {[%emt 0:00:01]} 70. Kg6 {[%emt 0:00:00]} Bxc3 {[%emt 0:00:00]} 71. h7# {[%emt 0:00:00] (Lag: Av=0.50s, max=0.9s)} 1-0

[Event "Stay Safe Play From Home 277"]
[Site "Emanuel Lasker Arena"]
[Date "2020.07.05"]
[Round "2"]
[White "Mepe_Nika"]
[Black "Indianquant"]
[Result "0-1"]
[WhiteElo "2313"]
[BlackElo "2298"]
[PlyCount "80"]
[EventDate "2020.07.05"]
[EventType "swiss (blitz)"]

1. d4 {[%emt 0:00:01]} Nf6 {[%emt 0:00:01]} 2. Bf4 {[%emt 0:00:00]} e6 {[%emt 0:00:00]} 3. e3 {[%emt 0:00:01]} b6 {[%emt 0:00:00]} 4. Qf3 {[%emt 0:00:01]} c6 {[%emt 0:00:00]} 5. c4 {[%emt 0:00:01]} d5 {[%emt 0:00:01]} 6. Nc3 {[%emt 0:00:01]} Bb4 {[%emt 0:00:01]} 7. cxd5 {[%emt 0:00:01]} Nxd5 {[%emt 0:00:02]} 8. Nge2 {[%emt 0:00:03]} Nxf4 {[%emt 0:00:02]} 9. Nxf4 {[%emt 0:00:01]} O-O {[%emt 0:00:01]} 10. Bd3 {[%emt 0:00:00]} Bb7 {[%emt 0:00:01]} 11. O-O {[%emt 0:00:01]} Nd7 {[%emt 0:00:00]} 12. Qh3 {[%emt 0:00:01]} h6 {[%emt 0:00:01]} 13. Rac1 {[%emt 0:00:01]} Nf6 {[%emt 0:00:01]} 14. Bb1 {[%emt 0:00:01]} Rc8 {[%emt 0:00:01]} 15. e4 {[%emt 0:00:01]} c5 {[%emt 0:00:01]} 16. d5 {[%emt 0:00:02]} Bxc3 {[%emt 0:00:03]} 17. bxc3 {[%emt 0:00:01]} exd5 {[%emt 0:00:00]} 18. e5 {[%emt 0:00:01]} Ne4 {[%emt 0:00:01]} 19. Qd3 {[%emt 0:00:01]} Qg5 {[%emt 0:00:08]} 20. g3 {[%emt 0:00:04]} Qxe5 {[%emt 0:00:01]} 21. f3 {[%emt 0:00:01]} Nf6 {[%emt 0:00:00]} 22. Rfe1 {[%emt 0:00:01]} Qg5 {[%emt 0:00:00]} 23. Kg2 {[%emt 0:00:02]} g6 {[%emt 0:00:04]} 24. h4 {[%emt 0:00:01]} Qf5 {[%emt 0:00:01]} 25. Qd2 {[%emt 0:00:03]} Qd7 {[%emt 0:00:02]} 26. Nd3 {[%emt 0:00:00]} Kg7 {[%emt 0:00:01]} 27. Ne5 {[%emt 0:00:01]} Qd6 {[%emt 0:00:00]} 28. g4 {[%emt 0:00:01]} Rce8 {[%emt 0:00:00]} 29. Nd3 {[%emt 0:00:01]} Ne4 {[%emt 0:00:01]} 30. Qb2 {[%emt 0:00:04]} c4 {[%emt 0:00:05]} 31. fxe4 {[%emt 0:00:02]} dxe4 {[%emt 0:00:01]} 32. Nf2 {[%emt 0:00:02]} e3+ {[%emt 0:00:01]} 33. Kh3 {[%emt 0:00:02]} Qf4 {[%emt 0:00:03]} 34. Ne4 {[%emt 0:00:04]} Rxe4 {[%emt 0:00:05]} 35. Bxe4 {[%emt 0:00:00]} Bxe4 {[%emt 0:00:01]} 36. Qe2 {[%emt 0:00:02]} Bf3 {[%emt 0:00:01]} 37. Qf1 {[%emt 0:00:01]} Qxg4+ {[%emt 0:00:00]} 38. Kh2 {[%emt 0:00:01]} Qxh4+ {[%emt 0:00:00]} 39. Qh3 {[%emt 0:00:00]} Qf2+ {[%emt 0:00:00]} 40. Qg2 {[%emt 0:00:02]} Qxg2# {[%emt 0:00:01] (Lag: Av=0.86s, max=1.3s)} 0-1

[Event "Stay Safe Play From Home 277"]
[Site "Emanuel Lasker Arena"]
[Date "2020.07.05"]
[Round "2"]
[White "Little champs"]
[Black "Broken sword"]
[Result "1/2-1/2"]
[WhiteElo "2251"]
[BlackElo "2510"]
[PlyCount "129"]
[EventDate "2020.07.05"]
[EventType "swiss (blitz)"]

1. d4 {[%emt 0:00:01]} d5 {[%emt 0:00:00]} 2. e3 {[%emt 0:00:00]} Nf6 {[%emt 0:00:01]} 3. Nf3 {[%emt 0:00:00]} Bg4 {[%emt 0:00:01]} 4. Be2 {[%emt 0:00:00]} e6 {[%emt 0:00:00]} 5. O-O {[%emt 0:00:00]} Bd6 {[%emt 0:00:01]} 6. c4 {[%emt 0:00:00]} c6 {[%emt 0:00:01]} 7. cxd5 {[%emt 0:00:00]} exd5 {[%emt 0:00:00]} 8. Nc3 {[%emt 0:00:00]} Nbd7 {[%emt 0:00:00]} 9. h3 {[%emt 0:00:00]} Bh5 {[%emt 0:00:01]} 10. Ng5 {[%emt 0:00:01]} Bg6 {[%emt 0:00:01]} 11. f4 {[%emt 0:00:01]} h6 {[%emt 0:00:04]} 12. Nf3 {[%emt 0:00:01]} Ne4 {[%emt 0:00:01]} 13. Ne5 {[%emt 0:00:01]} Nxc3 {[%emt 0:00:01]} 14. bxc3 {[%emt 0:00:01]} Be4 {[%emt 0:00:01]} 15. Bd3 {[%emt 0:00:01]} Nf6 {[%emt 0:00:00]} 16. g4 {[%emt 0:00:01]} Bxd3 {[%emt 0:00:01]} 17. Qxd3 {[%emt 0:00:01]} Ne4 {[%emt 0:00:00]} 18. Bd2 {[%emt 0:00:03]} O-O {[%emt 0:00:01]} 19. Rf3 {[%emt 0:00:01]} Bxe5 {[%emt 0:00:01]} 20. fxe5 {[%emt 0:00:01]} f6 {[%emt 0:00:00]} 21. Raf1 {[%emt 0:00:03]} Qe7 {[%emt 0:00:00]} 22. exf6 {[%emt 0:00:01]} Rxf6 {[%emt 0:00:00]} 23. Rxf6 {[%emt 0:00:01]} Nxf6 {[%emt 0:00:00]} 24. Qf5 {[%emt 0:00:01]} Re8 {[%emt 0:00:01]} 25. Kh2 {[%emt 0:00:02]} Ne4 {[%emt 0:00:01]} 26. Be1 {[%emt 0:00:01]} Qe6 {[%emt 0:00:00]} 27. Qxe6+ {[%emt 0:00:01]} Rxe6 {[%emt 0:00:00]} 28. Rf5 {[%emt 0:00:01]} Re7 {[%emt 0:00:01]} 29. Kg2 {[%emt 0:00:02]} Nd6 {[%emt 0:00:01]} 30. Rf3 {[%emt 0:00:01]} Nc4 {[%emt 0:00:00]} 31. Bf2 {[%emt 0:00:00]} Nd2 {[%emt 0:00:00]} 32. Rf5 {[%emt 0:00:01]} Ne4 {[%emt 0:00:01]} 33. Kf3 {[%emt 0:00:02]} Nxc3 {[%emt 0:00:02]} 34. a4 {[%emt 0:00:02]} Nxa4 {[%emt 0:00:01]} 35. h4 {[%emt 0:00:01]} Nc3 {[%emt 0:00:01]} 36. g5 {[%emt 0:00:01]} hxg5 {[%emt 0:00:01]} 37. hxg5 {[%emt 0:00:01]} g6 {[%emt 0:00:00]} 38. Rf6 {[%emt 0:00:01]} Kg7 {[%emt 0:00:01]} 39. Rd6 {[%emt 0:00:01]} Ne4 {[%emt 0:00:02]} 40. Rd8 {[%emt 0:00:01]} Rf7+ {[%emt 0:00:01]} 41. Kg4 {[%emt 0:00:01]} Nxf2+ {[%emt 0:00:01]} 42. Kg3 {[%emt 0:00:01]} Ne4+ {[%emt 0:00:01]} 43. Kg4 {[%emt 0:00:00]} a5 {[%emt 0:00:01]} 44. Rb8 {[%emt 0:00:00]} a4 {[%emt 0:00:01]} 45. Ra8 {[%emt 0:00:00]} b5 {[%emt 0:00:00]} 46. Ra6 {[%emt 0:00:01]} Rc7 {[%emt 0:00:01]} 47. Kf4 {[%emt 0:00:01]} Nd2 {[%emt 0:00:02]} 48. Ke5 {[%emt 0:00:00]} Nc4+ {[%emt 0:00:00]} 49. Ke6 {[%emt 0:00:01]} Nxe3 {[%emt 0:00:01]} 50. Kd6 {[%emt 0:00:01]} Rf7 {[%emt 0:00:02]} 51. Kxc6 {[%emt 0:00:02]} Nf5 {[%emt 0:00:00]} 52. Kxb5 {[%emt 0:00:01]} Nxd4+ {[%emt 0:00:00]} 53. Kc5 {[%emt 0:00:00]} Nf3 {[%emt 0:00:00]} 54. Kxd5 {[%emt 0:00:00]} Nxg5 {[%emt 0:00:01]} 55. Rxa4 {[%emt 0:00:00]} Rf5+ {[%emt 0:00:00]} 56. Kd6 {[%emt 0:00:01]} Nf7+ {[%emt 0:00:00]} 57. Ke6 {[%emt 0:00:01]} g5 {[%emt 0:00:00]} 58. Kxf5 {[%emt 0:00:02]} Kh6 {[%emt 0:00:00]} 59. Ra6+ {[%emt 0:00:01]} Kg7 {[%emt 0:00:00]} 60. Ra7 {[%emt 0:00:01]} Kf8 {[%emt 0:00:00]} 61. Kf6 {[%emt 0:00:01]} Nd8 {[%emt 0:00:00]} 62. Ra8 {[%emt 0:00:01]} Ke8 {[%emt 0:00:01]} 63. Rc8 {[%emt 0:00:01]} Kd7 {[%emt 0:00:01]} 64. Rxd8+ {[%emt 0:00:00]} Kxd8 {[%emt 0:00:01]} 65. Kxg5 {[%emt 0:00:00] (Lag: Av=0.58s, max=1.1s)} 1/2-1/2

[Event "Stay Safe Play From Home 277"]
[Site "Emanuel Lasker Arena"]
[Date "2020.07.05"]
[Round "2"]
[White "Rogan"]
[Black "Lnram"]
[Result "1-0"]
[WhiteElo "2172"]
[BlackElo "2435"]
[PlyCount "127"]
[EventDate "2020.07.05"]
[EventType "swiss (blitz)"]

1. d4 {[%emt 0:00:03]} Nf6 {[%emt 0:00:01]} 2. c3 {[%emt 0:00:00]} g6 {[%emt 0:00:01]} 3. Bg5 {[%emt 0:00:00]} d5 {[%emt 0:00:01]} 4. e3 {[%emt 0:00:01]} Bg7 {[%emt 0:00:01]} 5. Bd3 {[%emt 0:00:01]} O-O {[%emt 0:00:01]} 6. f4 {[%emt 0:00:01]} Ne4 {[%emt 0:00:00]} 7. Bxe4 {[%emt 0:00:01]} dxe4 {[%emt 0:00:00]} 8. Nd2 {[%emt 0:00:00]} f5 {[%emt 0:00:02]} 9. Ne2 {[%emt 0:00:01]} Nd7 {[%emt 0:00:01]} 10. O-O {[%emt 0:00:01]} Nf6 {[%emt 0:00:01]} 11. Nc4 {[%emt 0:00:01]} Nd5 {[%emt 0:00:01]} 12. Ne5 {[%emt 0:00:01]} Nxe3 {[%emt 0:00:01]} 13. Qb3+ {[%emt 0:00:02]} Qd5 {[%emt 0:00:01]} 14. c4 {[%emt 0:00:03]} Nxc4 {[%emt 0:00:05]} 15. Nxc4 {[%emt 0:00:06]} b5 {[%emt 0:00:01]} 16. Ne5 {[%emt 0:00:03]} Qxb3 {[%emt 0:00:03]} 17. axb3 {[%emt 0:00:00]} Bf6 {[%emt 0:00:01]} 18. Bxf6 {[%emt 0:00:01]} exf6 {[%emt 0:00:01]} 19. Nc6 {[%emt 0:00:03]} Bb7 {[%emt 0:00:01]} 20. Rfc1 {[%emt 0:00:01]} a6 {[%emt 0:00:01]} 21. d5 {[%emt 0:00:04]} Rfe8 {[%emt 0:00:02]} 22. Ned4 {[%emt 0:00:00]} Kf7 {[%emt 0:00:02]} 23. Ne6 {[%emt 0:00:01]} Rac8 {[%emt 0:00:06]} 24. Kf2 {[%emt 0:00:01]} h6 {[%emt 0:00:05]} 25. Ke3 {[%emt 0:00:01]} g5 {[%emt 0:00:01]} 26. g3 {[%emt 0:00:00]} h5 {[%emt 0:00:01]} 27. b4 {[%emt 0:00:02]} gxf4+ {[%emt 0:00:01]} 28. gxf4 {[%emt 0:00:01]} Rg8 {[%emt 0:00:02]} 29. Rg1 {[%emt 0:00:01]} Rxg1 {[%emt 0:00:02]} 30. Rxg1 {[%emt 0:00:00]} Bxc6 {[%emt 0:00:00]} 31. Rg7+ {[%emt 0:00:02]} Ke8 {[%emt 0:00:00]} 32. dxc6 {[%emt 0:00:00]} a5 {[%emt 0:00:00]} 33. Rg8+ {[%emt 0:00:01]} Ke7 {[%emt 0:00:00]} 34. Rxc8 {[%emt 0:00:00]} Kxe6 {[%emt 0:00:00]} 35. Rxc7 {[%emt 0:00:00]} Kd6 {[%emt 0:00:00]} 36. Rc8 {[%emt 0:00:00]} axb4 {[%emt 0:00:00]} 37. c7 {[%emt 0:00:01]} Kd7 {[%emt 0:00:00]} 38. Rb8 {[%emt 0:00:00]} Kxc7 {[%emt 0:00:01]} 39. Rxb5 {[%emt 0:00:00]} Kd6 {[%emt 0:00:00]} 40. Rxf5 {[%emt 0:00:00]} Ke6 {[%emt 0:00:01]} 41. Rxh5 {[%emt 0:00:00]} f5 {[%emt 0:00:01]} 42. h4 {[%emt 0:00:01]} b3 {[%emt 0:00:01]} 43. Kd4 {[%emt 0:00:01]} Kf6 {[%emt 0:00:01]} 44. Rh6+ {[%emt 0:00:00]} Kg7 {[%emt 0:00:00]} 45. Rb6 {[%emt 0:00:00]} e3 {[%emt 0:00:01]} 46. Ke5 {[%emt 0:00:00]} e2 {[%emt 0:00:00]} 47. Rb7+ {[%emt 0:00:00]} Kg6 {[%emt 0:00:01]} 48. Rb6+ {[%emt 0:00:03]} Kh5 {[%emt 0:00:01]} 49. Kxf5 {[%emt 0:00:01]} e1=Q {[%emt 0:00:00]} 50. Rb7 {[%emt 0:00:00]} Qb1+ {[%emt 0:00:00]} 51. Kf6 {[%emt 0:00:01]} Kxh4 {[%emt 0:00:00]} 52. Rg7 {[%emt 0:00:02]} Qf1 {[%emt 0:00:01]} 53. f5 {[%emt 0:00:00]} Qe2 {[%emt 0:00:01]} 54. Rh7+ {[%emt 0:00:00]} Kg4 {[%emt 0:00:01]} 55. Rg7+ {[%emt 0:00:00]} Kf4 {[%emt 0:00:00]} 56. Re7 {[%emt 0:00:00]} Qxb2+ {[%emt 0:00:00]} 57. Kf7 {[%emt 0:00:01]} Qc2 {[%emt 0:00:00]} 58. Kf8 {[%emt 0:00:00]} Qxf5+ {[%emt 0:00:00]} 59. Ke8 {[%emt 0:00:01]} b2 {[%emt 0:00:00]} 60. Rd7 {[%emt 0:00:01]} b1=Q {[%emt 0:00:00]} 61. Kd8 {[%emt 0:00:00]} Qfe4 {[%emt 0:00:00]} 62. Rd4 {[%emt 0:00:00]} Ke3 {[%emt 0:00:00]} 63. Rd6 {[%emt 0:00:01]} Qed3 {[%emt 0:00:00]} 64. Rd7 {[%emt 0:00:00] Time (Lag: Av=0.77s, max=1.7s) '} 1-0

[Event "Stay Safe Play From Home 277"]
[Site "Emanuel Lasker Arena"]
[Date "2020.07.05"]
[Round "2"]
[White "Lazieri3"]
[Black "NeatFox"]
[Result "1-0"]
[WhiteElo "2040"]
[BlackElo "2017"]
[PlyCount "85"]
[EventDate "2020.07.05"]
[EventType "swiss (blitz)"]

1. e4 {[%emt 0:00:01]} e5 {[%emt 0:00:01]} 2. Nc3 {[%emt 0:00:00]} c6 {[%emt 0:00:01]} 3. Nf3 {[%emt 0:00:01]} d5 {[%emt 0:00:00]} 4. d3 {[%emt 0:00:00]} dxe4 {[%emt 0:00:00]} 5. dxe4 {[%emt 0:00:01]} Nf6 {[%emt 0:00:01]} 6. Qxd8+ {[%emt 0:00:01]} Kxd8 {[%emt 0:00:00]} 7. Bc4 {[%emt 0:00:01]} Bd6 {[%emt 0:00:01]} 8. Bxf7 {[%emt 0:00:02]} Bg4 {[%emt 0:00:01]} 9. Ng5 {[%emt 0:00:03]} h6 {[%emt 0:00:03]} 10. Nf3 {[%emt 0:00:01]} Bxf3 {[%emt 0:00:01]} 11. gxf3 {[%emt 0:00:00]} Ke7 {[%emt 0:00:01]} 12. Bb3 {[%emt 0:00:04]} Nbd7 {[%emt 0:00:01]} 13. Be3 {[%emt 0:00:00]} Rhf8 {[%emt 0:00:01]} 14. O-O-O {[%emt 0:00:00]} g5 {[%emt 0:00:01]} 15. h4 {[%emt 0:00:01]} Nh7 {[%emt 0:00:02]} 16. hxg5 {[%emt 0:00:01]} Nxg5 {[%emt 0:00:01]} 17. Rxh6 {[%emt 0:00:01]} Nxf3 {[%emt 0:00:01]} 18. Rh7+ {[%emt 0:00:02]} Rf7 {[%emt 0:00:01]} 19. Rxf7+ {[%emt 0:00:01]} Kd8 {[%emt 0:00:00]} 20. Rxf3 {[%emt 0:00:02]} Kc7 {[%emt 0:00:00]} 21. Rf7 {[%emt 0:00:02]} Rd8 {[%emt 0:00:03]} 22. Bg5 {[%emt 0:00:03]} Rg8 {[%emt 0:00:05]} 23. Be7 {[%emt 0:00:02]} Bxe7 {[%emt 0:00:02]} 24. Rxe7 {[%emt 0:00:00]} Rd8 {[%emt 0:00:01]} 25. Be6 {[%emt 0:00:01]} Kb6 {[%emt 0:00:01]} 26. Rdxd7 {[%emt 0:00:01]} Rf8 {[%emt 0:00:00]} 27. Rxb7+ {[%emt 0:00:01]} Kc5 {[%emt 0:00:00]} 28. b4+ {[%emt 0:00:02]} Kd6 {[%emt 0:00:04]} 29. Bf5 {[%emt 0:00:00]} Rd8 {[%emt 0:00:02]} 30. Rxe5 {[%emt 0:00:01]} Kxe5 {[%emt 0:00:02]} 31. Rxa7 {[%emt 0:00:02]} Kf4 {[%emt 0:00:00]} 32. Rc7 {[%emt 0:00:01]} Kf3 {[%emt 0:00:00]} 33. Rxc6 {[%emt 0:00:01]} Kxf2 {[%emt 0:00:01]} 34. b5 {[%emt 0:00:01]} Rb8 {[%emt 0:00:01]} 35. b6 {[%emt 0:00:01]} Rb7 {[%emt 0:00:00]} 36. Bc8 {[%emt 0:00:02]} Rb8 {[%emt 0:00:00]} 37. b7 {[%emt 0:00:01]} Ke3 {[%emt 0:00:00]} 38. e5 {[%emt 0:00:01]} Kf4 {[%emt 0:00:02]} 39. e6 {[%emt 0:00:01]} Ke5 {[%emt 0:00:00]} 40. e7 {[%emt 0:00:00]} Rxb7 {[%emt 0:00:02]} 41. Bxb7 {[%emt 0:00:01]} Kf4 {[%emt 0:00:02]} 42. e8=Q {[%emt 0:00:01]} Kg5 {[%emt 0:00:00]} 43. Rc7 {[%emt 0:00:01] NeatFox gibt auf (Lag: Av=0.63s, max=1.2s)} 1-0

[Event "Stay Safe Play From Home 277"]
[Site "Emanuel Lasker Arena"]
[Date "2020.07.05"]
[Round "2"]
[White "The Next Contender"]
[Black "Justwatch"]
[Result "0-1"]
[WhiteElo "2018"]
[BlackElo "1694"]
[PlyCount "122"]
[EventDate "2020.07.05"]
[EventType "swiss (blitz)"]

1. d4 {[%emt 0:00:02]} Nf6 {[%emt 0:00:00]} 2. c4 {[%emt 0:00:00]} g6 {[%emt 0:00:00]} 3. Nc3 {[%emt 0:00:00]} Bg7 {[%emt 0:00:00]} 4. Nf3 {[%emt 0:00:01]} O-O {[%emt 0:00:00]} 5. e4 {[%emt 0:00:00]} d6 {[%emt 0:00:00]} 6. Be2 {[%emt 0:00:01]} Bg4 {[%emt 0:00:00]} 7. O-O {[%emt 0:00:01]} Bxf3 {[%emt 0:00:00]} 8. Bxf3 {[%emt 0:00:00]} Nc6 {[%emt 0:00:00]} 9. Be3 {[%emt 0:00:02]} e5 {[%emt 0:00:01]} 10. d5 {[%emt 0:00:01]} Ne7 {[%emt 0:00:00]} 11. Be2 {[%emt 0:00:01]} Nd7 {[%emt 0:00:00]} 12. f4 {[%emt 0:00:01]} f5 {[%emt 0:00:00]} 13. Kh1 {[%emt 0:00:02]} fxe4 {[%emt 0:00:01]} 14. Nxe4 {[%emt 0:00:00]} exf4 {[%emt 0:00:01]} 15. Bxf4 {[%emt 0:00:01]} Ne5 {[%emt 0:00:01]} 16. Ng5 {[%emt 0:00:01]} Nf5 {[%emt 0:00:03]} 17. Ne6 {[%emt 0:00:01]} Qe7 {[%emt 0:00:01]} 18. Nxf8 {[%emt 0:00:01]} Rxf8 {[%emt 0:00:00]} 19. Rb1 {[%emt 0:00:08]} Qh4 {[%emt 0:00:02]} 20. h3 {[%emt 0:00:10]} Ng3+ {[%emt 0:00:02]} 21. Bxg3 {[%emt 0:00:01]} Qxg3 {[%emt 0:00:00]} 22. Rxf8+ {[%emt 0:00:00]} Bxf8 {[%emt 0:00:01]} 23. Qe1 {[%emt 0:00:01]} Qe3 {[%emt 0:00:02]} 24. Bf1 {[%emt 0:00:02]} Qg5 {[%emt 0:00:02]} 25. Qe4 {[%emt 0:00:02]} Kg7 {[%emt 0:00:01]} 26. b4 {[%emt 0:00:01]} Be7 {[%emt 0:00:01]} 27. c5 {[%emt 0:00:02]} Bf6 {[%emt 0:00:01]} 28. cxd6 {[%emt 0:00:03]} cxd6 {[%emt 0:00:00]} 29. Re1 {[%emt 0:00:01]} Qg3 {[%emt 0:00:02]} 30. Qe3 {[%emt 0:00:01]} Qg5 {[%emt 0:00:02]} 31. Qxg5 {[%emt 0:00:02]} Bxg5 {[%emt 0:00:00]} 32. Re2 {[%emt 0:00:01]} Bf4 {[%emt 0:00:03]} 33. Rc2 {[%emt 0:00:01]} Kh6 {[%emt 0:00:01]} 34. Rc7 {[%emt 0:00:00]} Bg3 {[%emt 0:00:01]} 35. Rxb7 {[%emt 0:00:01]} Bf2 {[%emt 0:00:00]} 36. Rxa7 {[%emt 0:00:00]} Bxa7 {[%emt 0:00:02]} 37. a4 {[%emt 0:00:00]} Nd7 {[%emt 0:00:01]} 38. Be2 {[%emt 0:00:00]} Nb6 {[%emt 0:00:00]} 39. a5 {[%emt 0:00:02]} Nxd5 {[%emt 0:00:01]} 40. b5 {[%emt 0:00:00]} Bc5 {[%emt 0:00:02]} 41. b6 {[%emt 0:00:00]} Bxb6 {[%emt 0:00:01]} 42. axb6 {[%emt 0:00:00]} Nxb6 {[%emt 0:00:00]} 43. Bf3 {[%emt 0:00:00]} Nc4 {[%emt 0:00:01]} 44. Kg1 {[%emt 0:00:00]} Kg5 {[%emt 0:00:02]} 45. Be2 {[%emt 0:00:00]} Kf4 {[%emt 0:00:00]} 46. Bxc4 {[%emt 0:00:01]} Ke4 {[%emt 0:00:01]} 47. Bf1 {[%emt 0:00:00]} d5 {[%emt 0:00:00]} 48. Kf2 {[%emt 0:00:00]} d4 {[%emt 0:00:00]} 49. Ke2 {[%emt 0:00:00]} h6 {[%emt 0:00:00]} 50. Kd2 {[%emt 0:00:00]} g5 {[%emt 0:00:00]} 51. Bd3+ {[%emt 0:00:00]} Kf4 {[%emt 0:00:02]} 52. Be2 {[%emt 0:00:00]} h5 {[%emt 0:00:00]} 53. Bxh5 {[%emt 0:00:00]} g4 {[%emt 0:00:01]} 54. hxg4 {[%emt 0:00:01]} Ke4 {[%emt 0:00:00]} 55. Bg6+ {[%emt 0:00:00]} Kd5 {[%emt 0:00:00]} 56. Bd3 {[%emt 0:00:00]} Kc5 {[%emt 0:00:01]} 57. Bf1 {[%emt 0:00:00]} Kd5 {[%emt 0:00:00]} 58. Kd3 {[%emt 0:00:00]} Ke5 {[%emt 0:00:00]} 59. g5 {[%emt 0:00:00]} Kd5 {[%emt 0:00:01]} 60. g6 {[%emt 0:00:00]} Kc5 {[%emt 0:00:00]} 61. g7 {[%emt 0:00:00]} Kd5 {[%emt 0:00:00]} 0-1